000 00783cam a22002657a 4500
001 14617488
005 20180313054257.0
008 061031s2007 waua 001 0 eng d
010 _a 2006937710
020 _a9780735623248 (pbk.)
020 _a0735623244 (pbk.)
035 _a(OCoLC)ocn105658746
040 _aOCO
_cOCO
_dYDXCP
_dBAKER
_dCOH
_dBTCTA
_dDLC
041 _aeng
042 _alccopycat
080 _a651.8425
082 0 4 _a651.8425 PIE
100 _a30
101 _aSHKI
245 0 0 _a2007 Microsoft Office system inside out /
_cJim Boyce ... [et al.] ; John Pierce, contributing editor.
906 _a7
_bcbc
_ccopycat
_d2
_encip
_f20
_gy-gencatlg
942 _2ddc
_cBK
999 _c44867
_d44867